• 首页
  • 本馆介绍
  • 公告通知
  • 最新文献
  • 馆藏检索
  • 电子资源
  • 读者导购
  • 参考咨询
  • 我的图书馆
  • 登录
  • 详细信息显示
  • 放入我的书架
  • 预约/预借图书
  • 作者相关作品
  • 分类相关作品
  • 丛书相关作品
  • 出版社相关作品

书目信息

  • 表格格式
  • 工作单格式
  • 卡片格式
题名:
基础图案技法
    
 
作者: ;浙江美术学院图案教材编写组 编
分册:  
出版信息: 北京   人民美术出版社  1977
页数: 57页
开本: 19cm
丛书名:
单 册:
中图分类: J51
科图分类:
主题词: 图案--技法(美术)
电子资源:
ISBN:
000 00631nam0 2200217 45
001 0177000854
005 20060819110123.87
010    @dCNY0.73
100    @a19951013d1977 em y0chiy0121 ea
101 0  @achi
102    @aCN@b110000
105    @ay z 000yy
200 10 @a基础图案技法@Aji chu tu an ji fa@f浙江美术学院图案教材编写组编
210    @a北京@c人民美术出版社@d1977
215    @a57页@d19cm
606    @a图案@x技法(美术)
690    @aJ51@v3
711 02 @a浙江美术学院图案教材编写组@Azhe jiang mei shu xue yuan tu an jiao cai bian xie zu@4编
801  2 @aCN@bNLC@c20060819
801  0 @aCN@bTSSF
905    @a10447@dJ51@e152
    
    基础图案技法/浙江美术学院图案教材编写组编.-北京:人民美术出版社,1977
    57页;19cm
    
    
    ISBN :CNY0.73
    
●
相关链接 在E读中查询图书 在五车中查询图书 在当当中查询图书 在豆瓣中查询图书


正题名:基础图案技法     索取号:J51/152         预约/预借

序号 登录号 条形码 馆藏地/架位号 状态 备注
1 0466875   204668751   密集书库/ [索取号:J51/152] 在馆    
唐山师范学院图书馆 欢迎您!
大连网信软件有限公司© 版权所有